Les 40 Chaînes Twitch françaises les plus suivies en France - Statistiques

Statistiques générales
  • Ce quiz a été pris 309 fois
  • Le résultat moyen est 17 sur 40
Statistiques - réponses
Hint Réponse % Correct
4.14 M Squeezie
98%
3.9 M Gotaga
92%
1.98 M Aminematue
80%
941K Michou_twitch
77%
1.19 M RebeuDeter
77%
1.69 M Doigby
70%
903K Inoxtag
70%
1.50 M Zerator
70%
1.64 M Domingo
69%
1.58 M Kameto
69%
1.98 M Locklear
64%
738K Maghla
57%
940K AntoineDaniel
56%
804K Ponce
53%
890K Joueur_du_grenier
51%
1.89 M Lebouseuh
51%
1.16 M JLTomy
48%
876K Etoiles
45%
841K MisterMV
40%
1.29 M Sardoche
36%
689K Solary
36%
2.13 M Solaryfortnite
36%
849K Mastu
34%
910K JLAmaru
29%
999K LeStream
28%
1.12 M Mickalow
28%
848K Terracid
25%
1.14 M WankilStudio
24%
699K Laink
23%
1.71 M TheKairi778
23%
728K Bichouu_
18%
730K Chowh1
16%
795K Skyyart
15%
725K Kaydop
13%
934K Anas_off
8%
705K Prince_off
8%
1.09 M SkyrrozTV
8%
812K Teeqzy_
6%
760K Aiekillu
4%
1.53 M Scream
3%
Aucun quiz correspondant
Distribution des résultats
% des personnes avec chaque résultat
Percentile par nombre de réponses
Votre historique - résultats
Vous n’avez pas pris ce quiz